|
|
|
|
| LEADER |
00967nam a2200277 a 4500 |
| 001 |
1373 |
| 003 |
BD-DhAAL |
| 005 |
20150427094308.0 |
| 008 |
150427s1988 nyua b 001 0 eng |
| 010 |
|
|
|a 87021762
|
| 020 |
|
|
|a 0393955567
|
| 040 |
|
|
|a DLC
|c DLC
|d DLC
|d BD-DhAAL
|
| 050 |
0 |
0 |
|a HF1411
|b .E824 1988
|
| 082 |
0 |
0 |
|a 337
|2 19
|
| 100 |
1 |
|
|a Ethier, Wilfred.
|9 10659
|
| 245 |
1 |
0 |
|a Modern international economics /
|c Wilfred J. Ethier.
|
| 250 |
|
|
|a 2nd ed.
|
| 260 |
|
|
|a New York :
|b Norton,
|c c1988.
|
| 300 |
|
|
|a xx, 556, 62 p. :
|b ill. ;
|c 25 cm.
|
| 504 |
|
|
|a Includes bibliographies and index.
|
| 504 |
|
|
|a "Source material in international economics": p. 43-46 (second group)
|
| 541 |
|
|
|e 1373
|
| 650 |
|
0 |
|a International economic relations.
|9 7636
|
| 942 |
|
|
|2 ddc
|c BK
|
| 999 |
|
|
|c 34304
|d 34304
|
| 952 |
|
|
|0 0
|1 0
|2 ddc
|4 0
|6 337_000000000000000_ETH
|7 0
|9 53560
|a SCL
|b SCL
|c GEN
|d 2015-04-27
|e Gift: The Asia Foundation
|l 0
|o 337 ETH
|p 3020001373
|r 2015-04-27
|t 1
|w 2015-04-27
|y BK
|